| 000 | 00567nam a2200205Ia 4500 | ||
|---|---|---|---|
| 005 | 20251122102606.0 | ||
| 008 | 230125s9999 xx 000 0 und d | ||
| 020 | _a978-93-325-4102 | ||
| 041 | _aeng | ||
| 082 |
_a158.1 _bMUI |
||
| 100 |
_aMuir A _9215470 |
||
| 245 |
_aPower up Your Confidence _bHow to master the ultimate business skills |
||
| 260 |
_c2015 _bPearson Education _aNew Delhi |
||
| 300 | _a172p | ||
| 500 | _aPersonality Development | ||
| 650 |
_aPersonality Development _9213420 |
||
| 700 |
_aMuir A _9215470 |
||
| 906 | _b111.72 | ||
| 942 | _cBK | ||
| 999 |
_c93970 _d93970 |
||